Представление документа в формате RUSMARC

ПолеНазваниеЗначение
  Тип записи a
  Библиографический уровень m
001 Контрольный номер RU/CBS_UL/BASE/551957484
005 Дата корректировки 20240209174731.2
010 Индекс ISBN __
a ISBN 978-5-00087-007-5
b Уточнения в пер.
d Цена 200 р. 00 к.
9 Тираж 1 000 экз.
100 Данные общей обработки __
a Данные общей обработки 20170628d2017 ||| 0rusy0189 ca
101 Язык документа 0_
a Язык текста rus
102 Страна публикации __
a Страна публикации RU
105 Кодированные данные (монография) __
a Кодированные данные (монография) y###||||000|y
200 Заглавие и сведения об ответственности 1_
a Заглавие Олени
b Общее обозначение материала Текст
e Сведения, относящиеся к заглавию роман
f Первые сведения об ответственности С. Игов
g Последующие сведения об ответственности пер. с болг. З. Карцевой
210 Выходные данные 0_
a Место издания Москва
c Издательство Центр книги Рудомино
d Дата издания 2014
215 Физическое описание __
a Объем 287 с.
d Формат 21 см.
225 Серия 0_
a Серия Новый болгарский роман
300 Общие примечания __
a Общие примечания Ограничения по возрасту - 16+
300 Общие примечания __
a Общие примечания В дар от ВГБИЛ им. М. И.Рудомино
606 Тематические рубрики 0_
a Основная рубрика Болгарская литература, 20-21 вв. - Проза
610 Ключевые слова 0_
a Ключевые слова литература болгарская
a Ключевые слова постмодернизм (лит.)
a Ключевые слова любовь
a Ключевые слова исповедь
686 Индексы других классификаций __
a Классификационный индекс 84(4Бол)
2 Код системы ББК
700 Автор _1
a Фамилия Игов
b Имя (инициалы) Светлозар
g Полное личное имя С.
801 Источник записи _0
a Страна RU
b Организация МБУК ЦБС
c Дата составления 20170628
g Правила каталогизации RCR
801 Источник записи _1
a Страна RU
b Организация МБУК ЦБС г. Ульяновска
c Дата составления 20170628
g Правила каталогизации RCR
899 Данные о местонахождении __
i Авторский знак И 26
j Расстановочный фильтр И(Болг)
901 Тип документа __
t Тип документа m
910 Корректоры записи __
a Корректор записи Скрипина